|
|
|
|
| LEADER |
00000nnm a2200000 i 4500 |
| 001 |
dolg12713 |
| 005 |
20180303120329.0 |
| 008 |
171114suuuu hu o 000 hun d |
| 040 |
|
|
|a BGE Dolgozattár Repozitórium
|b hun
|
| 041 |
|
|
|a hu
|
| 100 |
1 |
|
|a Varga Georgina Margit
|
| 245 |
1 |
3 |
|a Az Aquincum Thermal Hotel SWOT- és PEST-elemzése
|c Varga Georgina Margit
|h [elektronikus dokumentum]
|
| 516 |
|
|
|a Project_work
|
| 695 |
|
|
|a PEST
|
| 695 |
|
|
|a SWOT
|
| 700 |
1 |
|
|a Fekete-Frojimovics Dr. Zsófia
|e ths
|
| 856 |
4 |
0 |
|u http://dolgozattar.uni-bge.hu/12713/1/Az%20Aquincum%20Thermal%20Hotel%20SWOT-%20%C3%A9s%20PEST-elemzese_Varga_Georgina_Margit_EQ9IK9.pdf
|z Dokumentum-elérés
|